Труды. Вып.5: Редкометальные гранитоиды Монголии (Запись № 4503878)

Подробности
000 -МАРКЕР
контрольное поле 01216nam2a22002411 4500
001 - ИДЕНТИФИКАТОР ЗАПИСИ
контрольное поле RU\NLR\INFOCOMM10\5000015781
005 - ИДЕНТИФИКАТОР ВЕРСИИ
контрольное поле 20250617013524.0
035 ## - ДРУГИЕ СИСТЕМНЫЕ НОМЕРА
Идентификатор записи (NLR Aleph) 002348124
100 ## - ДАННЫЕ ОБЩЕЙ ОБРАБОТКИ
Данные общей обработки 20041115d1971 |||y0rusy50 ca
101 0# - ЯЗЫК РЕСУРСА
Язык текста, звукозаписи и т.д. русский
102 ## - СТРАНА ПУБЛИКАЦИИ ИЛИ ПРОИЗВОДСТВА
Страна публикации Российская Федерация
105 ## - ПОЛЕ КОДИРОВАННЫХ ДАННЫХ: ТЕКСТОВЫЕ МАТЕРИАЛЫ, МОНОГРАФИЧЕСКИЕ
Кодированные данные о монографическом текстовом документе y ||||000|y
200 1# - ЗАГЛАВИЕ И СВЕДЕНИЯ ОБ ОТВЕТСТВЕННОСТИ
Основное заглавие Редкометальные гранитоиды Монголии
Сведения, относящиеся к заглавию (Петрология, распределение редких элементов и генезис)
Первые сведения об ответственности АН СССР, Геол. ин-т, Ин-т геохимии. Сиб. отд-ния, АМ МНР, Геол. ин-т
210 ## - ПУБЛИКАЦИЯ, РАСПРОСТРАНЕНИЕ И ДР.
Дата издания, распространения и т.д. 1971
Место издания, распространения и т.д. Б. м.
461 #0 - УРОВЕНЬ НАБОРА
Встроенное поле 001RU\NLR\INFOCOMM10\5000015670
-- 2001#$aТруды$fСовмест. Сов.-Монгол. геол. экспедиция$vВып.5
Системный номер (АБИС) связанной записи 4503674
Автор Советско-Монгольская научно-исследовательская геологическая экспедиция
Место публикации М.
Дата публикации 1970-
Первые сведения об ответственности Совмест. Сов.-Монгол. геол. экспедиция
Имя издателя, распространителя и т.д. Наука
Заглавие Труды
Номер тома Вып.5
801 #1 - ИСТОЧНИК ЗАПИСИ
Страна Российская Федерация
Организация InfoComm
Дата составления 20041115
801 #0 - ИСТОЧНИК ЗАПИСИ
Страна Российская Федерация
Организация NLR
Правила каталогизации PSBO
852 ## - МЕСТОНАХОЖДЕНИЕ И ШИФР ХРАНЕНИЯ
Идентификатор организации NLR
Шифр хранения (Call Number) П8/964
942 ## - ДОПОЛНИТЕЛЬНЫЕ ЭЛЕМЕНТЫ ЗАПИСИ (АБИС)
Тип экземпляра АБИС Выпуск
980 ## - КОЛЛЕКЦИЯ
Название коллекции Национальная библиография
980 ## - КОЛЛЕКЦИЯ
Название коллекции Русская периодика

Нет доступных экземпляров.